Titoli di film che contengono nomi di paesi - Statistics

Statistiche generali
  • Questo quiz è stato fatto 100 volte
  • Il punteggio medio è 3 su 10
Statistiche sulle risposte
Titoli dei film (incompleti) Anno Paese % Corretto
Good Morning, ________ 1987 Vietnam
70%
A 007, dalla ________ con amore 1963 Russia
63%
Il principe d'________ 1998 Egitto
59%
Hotel ________ 2004 Ruanda
38%
L'ultimo re di ________ 2006 Scozia
27%
Viaggio in ________ 1954 Italia
24%
C'era una volta in ________ 2003 Messico
13%
Questa è l'________ 2006 Inghilterra
11%
________, 1985 2022 Argentina
10%
Io sono ________ 1964 Cuba
5%
Nessun quiz corrispondente trovato
Distribuzione punteggi
Percentuale di utenti per punteggio
Percentile per numero di risposta
I tuoi punteggi nel tempo
Non hai fatto questo quiz